Name kpop songs from my 900+ kpop playlist on shuffle - Statistics

General Stats
  • This quiz has been taken 114 times
  • The average score is 22 of 124
Answer Stats
Group First letter Song % Correct
Jungkook (Feat latto) S Seven
76%
New jeans C Cookie
55%
Riize G Get a guitar
47%
Nmixx O O.O
47%
Babymonster S Sheesh
46%
Nmixx D Dice
42%
Blackpink B Boombayah
41%
Kiss of life M Midas touch
40%
Taeyang, Lisa S Shoong!
38%
Blackpink K Kill this love
37%
(G)I-idle L Latata
37%
Blackpink A As if it’s your last
36%
Momoland B Bboom bboom
35%
Itzy D Dalla dalla
33%
Ive H Heya
33%
Nct 127 K Kick it
33%
Exo M Monster
33%
Jessi G Gum
32%
Treasure H Hello
32%
Seventeen M Maestro
29%
Txt 0 0X1=Lovesong (I know I love you)
28%
Twice C Cheer up
28%
Young posse X XXL
28%
Psy G Gentleman
27%
Wayv L Love talk - English version
27%
Seventeen V Very nice
27%
Twice F Fancy
26%
Loona (chuu) H Heart attack
26%
Itzy S Sneakers
26%
Taeyang, jimin V Vibe
26%
Ateez W Win
26%
Ive, saweetie A All night
24%
Enhypen B Blessed-cursed
24%
Itzy C Cake
24%
(G)I-dle | Enhypen F Fate
24%
Aespa S Spicy
24%
(G)I-dle W Wife
24%
B.I, soulja boy, DeVita B BTBT
23%
Treasure D Darari
23%
Seventeen H Hot
23%
(G)I-dle O Oh my god
23%
Stray kids C Case 143
22%
Txt C Cat & dog
22%
Txt D Deja vu
22%
Billie G Gingamingayo (the strange world)
22%
CL H Hello bitches
22%
I-land I Into the I-land
22%
Stray kids P Phobia
22%
Girls’ generation T The boys
22%
Agust d H Haegeum
21%
Riize I Impossible
19%
Jimin L Like crazy
19%
Everglow B Bon bon chocolat
18%
Nature L Limbo!
18%
Stray kids (bang chan) I I hate to admit
17%
Exo L Lotto
17%
Stray kids S Silent cry
17%
Stray kids A All in
15%
Hyo, loopy, jeon soyeon D Dessert
15%
Somi F Fast forward
15%
Exo-K O Overdose
15%
Nct dream B Beatbox
14%
Ten B Birthday
14%
Shinee H Hard
14%
Girls’ generation I Into the new world
14%
Twice S Scientist
14%
Enhypen S Shout out
14%
Stray kids (Han) W Wish you back
14%
Fromis_9 F Fun!
13%
Bigbang F Fxxk it
13%
(G)I-dle I I do
13%
Stray kids W Wolfgang
13%
(G)I-dle D Dahlia
12%
Txt O Opening sequence
12%
Ateez S Say my name
12%
Stray kids S Sorry, I love you
12%
Evnne T Trouble
12%
Nct 127 S Superhuman
10%
P1harmony D Doom du doom
9%
Mamamoo E Egotistic
9%
Stray kids M Maze of memories
9%
(G)I-dle P Paradise
9%
Itzy R Ringo
9%
Stray kids S Scars
9%
Ateez T Turbulence
9%
Itzy I In the morning
8%
Ateez L Light
8%
Oneus L Luna
8%
(G)I-dle R Revenge
8%
Nct dream S Smoothie
8%
Treasure B Bona bona
6%
Txt D Devil by the window
6%
Stray kids D DLMLU
6%
Txt E Eternally
6%
Txt G Ghosting
6%
K/DA M More
6%
Seventeen R Ready to love
6%
Stray kids S Slump
6%
Stray kids S Stop
6%
The rose T Time
6%
Nct U B Baby don't stop
4%
Eric Nam, Marc E. Bassy C Congratulations
4%
Txt L Lonely boy (the tattoo on my ring finger)
4%
Ateez O Outlaw
4%
Kard R Ring the alarm
4%
Ateez R Rocky
4%
Teamin T The rizzness
4%
Hwasa C Chili
3%
Ateez D Dancing like butterfly wings
3%
Ateez D Dazzling light
3%
Ateez D Declaration
3%
Xikers D Doorbell ringing
3%
Fifty fifty L Log in
3%
Sf9 O O sole mio
3%
Ateez T Time of love
3%
Kard W Whip!
3%
Ateez B Blue summer
1%
The rose D Definition of ugly is
1%
The boyz K Kingdom come
1%
Woosung P Phase me
1%
Teen top R Rocking
1%
Ateez T The letter
1%
Eric nam Y You're sexy I'm sexy
0%
No matching quizzes found
Score Distribution
Percent of People with Each Score
Percentile by Number Answered
Your Score History
You have not taken this quiz